000
00204nam a2200097Ia 4500
008
240331s9999 xx 000 0 und d
082
_b
BAU
100
_a
Bauman, Z
245
0
_a
Culture as Praxis
942
_c
L
999
_c
2075
_d
2075